|
|
|
|
| LEADER |
00000cam a22000004a 4500 |
| 001 |
musev2_80682 |
| 003 |
MdBmJHUP |
| 005 |
20230905052307.0 |
| 006 |
m o d |
| 007 |
cr||||||||nn|n |
| 008 |
200226s2020 enk o 00 0 eng d |
| 020 |
|
|
|a 9781447349785
|
| 020 |
|
|
|z 9781447349778
|
| 035 |
|
|
|a (OCoLC)1132425985
|
| 040 |
|
|
|a MdBmJHUP
|c MdBmJHUP
|
| 245 |
0 |
0 |
|a Transforming Glasgow :
|b Beyond the Post-Industrial City /
|c edited byKeith Kintrea and Rebecca Madgin.
|
| 264 |
|
1 |
|a Chicago, Illinois :
|b Policy Press,
|c [2020]
|
| 264 |
|
3 |
|a Baltimore, Md. :
|b Project MUSE,
|c 2021
|
| 264 |
|
4 |
|c ©[2020]
|
| 300 |
|
|
|a 1 online resource (322 pages).
|
| 336 |
|
|
|a text
|b txt
|2 rdacontent
|
| 337 |
|
|
|a computer
|b c
|2 rdamedia
|
| 338 |
|
|
|a online resource
|b cr
|2 rdacarrier
|
| 588 |
|
|
|a Description based on print version record.
|
| 650 |
|
7 |
|a Urban renewal.
|2 fast
|0 (OCoLC)fst01162536
|
| 650 |
|
6 |
|a Urban renewal
|z Scotland
|z Glasgow.
|
| 650 |
|
0 |
|a Urban renewal
|z Scotland
|z Glasgow.
|
| 651 |
|
7 |
|a Scotland
|z Glasgow.
|2 fast
|0 (OCoLC)fst01212902
|
| 655 |
|
7 |
|a Livres numeriques.
|2 rvmgf
|
| 655 |
|
7 |
|a Electronic books.
|2 local
|
| 700 |
1 |
|
|a Madgin, Rebecca,
|e éditeur.
|
| 700 |
1 |
|
|a Kintrea, Keith,
|e éditeur.
|
| 710 |
2 |
2 |
|a ProQuest (Firme)
|
| 710 |
2 |
|
|a Project Muse.
|e distributor
|
| 830 |
|
0 |
|a Book collections on Project MUSE.
|
| 856 |
4 |
0 |
|z Texto completo
|u https://projectmuse.uam.elogim.com/book/80682/
|
| 945 |
|
|
|a Project MUSE - Custom Collection
|